000 02145cam a2200493 a 4500
999 _c57298
001 12335584
003 LIBRIS
005 20210401133953.0
008 111021s2012 sw |||||||||||000 0|swe|
020 _a9789186275952
_qinb.
040 _aLGEN
_dS
_ea
041 _aswe
050 4 _aTL 15
050 4 _aTL 242
082 0 4 _a629.2222
_223/swe
084 _aPrabz
_2kssb/8 (machine generated)
100 1 _aNyblad, Fredrik,
_d1972-
_4aut
245 1 0 _aKrasch! :
_bdrömmen om säkerhetsbilen /
_cFredrik Nyblad.
264 1 _aStockholm :
_bTrafik-nostalgiska förlaget,
_c2012
264 3 _aLiljeholmen :
_bModintryckoffset
300 _a80 s.
_bill.
_c23 x 29 cm
490 1 _aTNF-bok ;
_v124
650 7 _aBilar
_xsäkerhetsaspekter
_xhistoria
_y1970-talet
_2sao
887 _a{"@id":"sb4500b41dbqxl0","modified":"2018-10-30T23:00:00+01:00","checksum":"12306583883"}
_2librisxl
887 _a{"@id":"bgn33xkh43nmcld","modified":"2012-09-25T11:32:50+02:00","checksum":"141285219676"}
_2librisxl
887 _a{"@id":"chp4rbtj2p0mw17","modified":"2012-07-25T13:12:23+02:00","checksum":"87824036747"}
_2librisxl
887 _a{"@id":"lqxbq0rr04mcvp7","modified":"2012-06-01T13:07:53+02:00","checksum":"68289697816"}
_2librisxl
887 _a{"@id":"sx4kk20z5g27q4w","modified":"2012-09-20T14:10:13+02:00","checksum":"62754136132"}
_2librisxl
887 _a{"@id":"8dl2fx8f2z6rm25","modified":"2012-11-16T14:36:40+01:00","checksum":"141277536369"}
_2librisxl
887 _a{"@id":"djq2jqhk3hrjp2n","modified":"2019-05-08T15:33:24.071+02:00","checksum":"135353147830"}
_2librisxl
942 _2z
_cBOOK